000
00296nam a2200121Ia 4500
008
190905s9999||||xx |||||||||||||| ||und||
020
_a
978-93-325-7388-8
100
_a
Thomas L. Floyd
245
0
_a
Principles of Electric Circuits
260
_a
India
_b
Pearson
_c
2018
300
_a
974
942
_c
BK
999
_c
5832
_d
5832